01091nmc a2200289 a 4500003000900000005001700009008004100026040001300067100002400080245003900104260006800143300001100211490003900222500027200261504003100533650002400564650002900588650002300617650002200640651001100662651001900673651000900692651002100701651001100722700003100733700003700764AR-BaBNM20251128203224.0011101s1968 ||||||||||||||000 | spa|| cAR-BaBNM1 aMoehlman, Arthur H.10aSistemas de educación comparados aBuenos AiresbTroquelbCentro Regional de Ayuda Técnicac19680 a135 p. 0aBiblioteca de la nueva educación1 aEsta edición es obra del Centro Regional de Ayuda Técnica, Agencia para el Desarrollo Internacional A.I.D., Departamento de Estado del Gobierno de los Estados Unidos de América. El Centro es una organización dedicada a la producción de versiones en españ aBibliografía: p. 133-135 4aEDUCACION COMPARADA 4aHISTORIA DE LA EDUCACION 4aSISTEMAS ESCOLARES 4aESCUELAS PUBLICAS 4aEuropa 4aEstados Unidos 4aAsia 4aAmérica Latina 4aAfrica1 aEchavarri, Luisetraductor1 aCaldwell, Oliver J.eprologuista